Quizzes
Events
Quiz Creation
Community
Videos
Private Events
Remove Ads
Sign In
Join for FREE
Feedback
Dark Mode
Quiz Categories
Sports
Geography
Music
Movies
Television
Just For Fun
Miscellaneous
History
Literature
Language
Science
Gaming
Entertainment
Religion
Holiday
For Kids
Quiz Lab
Recent
Popular Today
Quiz Kudos Today
Editor Picks
Curator Picks
Quizzes by...
Day
Popularity
Type
Ratings
Length
Year
Community
Subscriptions
Recent Discussions
Orange Saloon
Badges
Playlists
Quests
Create
Leaderboards
Showdown
Live 5
Trivia Bingo
Activity
Puzzle Library
Sporcle Events
Private Events
Virtual Trivia
Globe League
Become a Host
Pub Owners
SporcleCon
Opinionation
Our Games
Videos
Blog
Mobile Apps
Partnerships
Remove Ads and Go Orange
Feedback
Music
Pop Music
The Beatles
Song
Album
Lyrics
Bands
Singers
Artist
Clip
Rock
Rap
Classical
Billboard
Country Music
Kpop
Taylor Swift
Music
Pop Music
The Beatles
Song
Album
Lyrics
Bands
Singers
Artist
Clip
Rock
Rap
Classical
Billboard
Country Music
Kpop
Taylor Swift
Random Quiz
Search Sporcle
×
Quiz Lab
Quiz Lab
Music
Lyrics
Type in answers that appear in a list
Type in answers that appear in a list
Classic
Best Score? Go Orange.
Guess the Glee Lyrics! 12 Stats
Can you name the lyrics to this song covered on Glee?
By
ThatStarGirl
10m
200 Questions
5,520 Plays
5,520 Plays
5,520 Plays
Comments
Comments
Give Quiz Kudos
Give Quiz Kudos
-
- Ratings
hide this ad
More Info
Replay
Link that replays current quiz
Next Quiz
Link to next quiz in quiz playlist
You Got
0%
They Got
Avg Score
50%
Avg Friend Score
Upgrade to see
Score Distribution
Jump to the score distribution portion of the page
Score
0/200
Timer
10:00
0
Plays Today
Lyrics
% Correct
I
97.1%
I
97.1%
I
97.1%
I
97.1%
I
97.1%
I
97.1%
The
97%
The
97%
and
97%
a
97%
the
97%
a
97%
and
97%
the
97%
a
97%
And
97%
And
97%
a
97%
You
92%
you
92%
you
92%
you
92%
you
92%
you
92%
you
92%
you
92%
you
92%
You
92%
You
92%
you
92%
you
92%
you
92%
you
92%
me
78.1%
me
78.1%
me
78.1%
me
78.1%
me
78.1%
me
78.1%
love
77.3%
love
77.3%
to
75.2%
to
75.2%
to
75.2%
to
75.2%
to
75.2%
to
75.2%
to
75.2%
to
75.2%
to
75.2%
is
71.2%
is
71.2%
is
71.2%
is
71.2%
is
71.2%
it
70.5%
it
70.5%
it
70.5%
it,
70.5%
be
69.7%
be
69.7%
He
66.2%
he
66.2%
He
66.2%
he
66.2%
he
66.2%
He
66.2%
Lyrics
% Correct
do
65.9%
do?
65.9%
on
63.7%
we
63.1%
your
63%
no
62.8%
in
62.4%
Are
58.4%
my
57.8%
my
57.8%
(Chorus)
56%
that
54.9%
that
54.9%
That
54.9%
that
54.9%
that
54.9%
you're
53.4%
what
52.8%
for
50.9%
I'm
50.8%
of
50.8%
of
50.8%
not
50.3%
not
50.3%
can't
50.1%
can't
50.1%
if
49.5%
if
49.5%
know
49.1%
know
49.1%
know
49.1%
know
49.1%
It's
47.3%
it's
47.3%
it's
47.3%
it's
47.3%
it's
47.3%
want
46.7%
see
46.7%
see
46.7%
see
46.7%
See
46.7%
see
46.7%
why
46.5%
how
45.1%
this
43.4%
There
41%
need
40.8%
need
40.8%
all
39.6%
all
39.6%
All
39.6%
all
39.6%
mine
39.5%
mine
39.5%
just
38.7%
like
38.5%
Had
38.4%
way
37.4%
could
36.2%
could
36.2%
up
35.9%
time
35.7%
time
35.7%
boy
35.6%
boy
35.6%
say
34.8%
Lyrics
% Correct
give
33.1%
got
32.9%
things
32.3%
Think
31.3%
think
31.3%
But
31.2%
But
31.2%
his
30.1%
his
30.1%
was
28.8%
about
28%
make
27.6%
life
27.2%
hard
26.2%
should
25.6%
take
25.2%
him
25.1%
enough
24.2%
'Cause
24.1%
said
23.8%
'Cause
23.1%
seem
22.7%
girl
22.2%
man
21.4%
may
21.4%
sorry
21.1%
belongs
21%
try
20.7%
confused
20%
good
19.3%
day
19.1%
talk
18.9%
keep
18.3%
told
17.3%
took
17%
didn't
17%
didn't
17%
blind
16.7%
without
16.6%
face
16.3%
face
16.3%
couldn't
16.2%
bit
16%
Must
15.4%
straight
15.4%
that's
15.1%
through
15.1%
true
14.8%
Sit
14.5%
jealous
14.5%
wanna
14.5%
mistake
13%
part
12.5%
tried
12%
insane?
11.8%
fool
11.8%
maybe
11.7%
understand
11.3%
Ain't
10.9%
hesitate
10.4%
misunderstood
9.6%
acting
9.5%
inside...
8.9%
shame?
8.8%
realise
8.2%
killing
7.5%
Quiz Playlist
Details
Report
Send in Message
Add To Playlist
More Info:
Note: not all of the song fits into the 200 words. Please try my other quizzes!
Classic:
Type in answers that appear in a list
Last Updated: Feb 16, 2017
Quiz Scoreboard
CHALLENGE
Sign Up to Join the Scoreboard
Show All
Scores
Hide
Comments
May contain spoilers
Recently Published
1-10 Letter E Words III
by El_Dandy
Language
2m
One Thing in Common: World Cities II
by knightlancer
Geography
7m
Popular People in 1961
by mucciniale
History
6m
More to Explore
Quiz From the Vault
Featured Blog Post
Where Did the Easter Bunny Come From?
hide this ad
You Might Also Like...
Tags
Lyrics Quiz
Song Quiz
Covered
Glee
Today's Top Quizzes in Music
Browse Music
hide this ad
Today's Top Quizzes in Lyrics
Browse Lyrics
Top Contributed Quizzes in Music
1
Taylor Swift All Songs (2024)
2
2010s Album by Cover III
3
One Thing in Common: Music
4
Taylor Swift Logic Puzzle
5
Guess the Artist- 70s Songs
6
2010s Album by Cover IV
7
Guess the Taylor Swift song (Mystery Song)
8
2010s Album by Cover V
9
Lana Del Rey Discography (BTD to DYKTTATUOB)
10
2010s Album by Cover VI
Explore More
Trending Topics
Marvel
NBA
Disney
Kpop
Harry Potter
Anime
Crossword
Song
Puzzle
Soccer
NFL
Pokémon
WWE
Country
The Office
hide this ad
More By:
ThatStarGirl
Quiz
Plays
Rating
Category
Featured
Created
Figure Out the Lyrics (Glee Cover)
270,782
3.00
Music
Apr 30, 2010
Figure Out the Lyrics (Glee Cover II)
135,442
3.51
Music
Nov 23, 2010
Guess the Glee Lyrics! 8
32,212
3.16
Music
May 4, 2010
Guess the Disney Lyrics!
25,856
3.90
Music
Feb 4, 2010
Guess the Glee Lyrics! 4
24,714
3.42
Music
May 2, 2010
Go to Creator's Profile
Score Distribution
Quiz Creator Spotlight
ThatStarGirl
Follow
Send a Message
Quizzes Created
-
Created Quiz Play Count
-
More By This Creator
Popular Quizzes Today
1
Find the US States - No Outlines Minefield
2
Find the Countries of Europe - No Outlines Minefield
3
The Countries of the World
4
Popular People in 1961
5
1-10 Letter E Words III
6
Find the US States
7
One Thing in Common: World Cities II
8
US States
More Music Quizzes
I Can Do It!
Editor's Pick
Trending Quizzes
Risky Map Clicking: Least Populous States A-Z
1-10 Letter F Words
1-10 Letter G Words
One Thing in Common: United Kingdom
Risky Map Clicking: Biggest States A-Z
Recently Updated
Leaping Animals
pecheneg
Reality TV Shows (A-Z)
bhenderson79
Rickey Henderson's Hall of Fame Teammates
pecheneg
Champions League XIs: Arsenal
pecheneg
Quick Pick: Celebrities in WWE's Hall of Fame
aduchscher
A-Z Keypad Blitz II
pecheneg
Multiple Oscar Actors
pecheneg
Mystery Phrase Blitz: Oscar 'Best Actors'
pecheneg
F. Scott Fitzgerald Novels
LTH
Pick 3 Villains
ddd62291
Trending Topics
Disney
Crossword
NBA
Marvel
Harry Potter
Anime
Kpop
Puzzle
Soccer
Pokémon
Country
Song
NFL
The Office
WWE
Your Account Isn't Verified!
In order to create a playlist on Sporcle, you need to verify the email address you used during registration. Go to your
Sporcle Settings
to finish the process.
Report this User
Report this user for behavior that violates our
Community Guidelines
.
Details:
Send Report
Go to the Sporcle.com Mobile Site →
Comments